000 01258nam a2200349 i 4500
001 ELB201581
003 FINmELB
005 20250326043724.0
006 m o u
007 cr cn|||||||||
008 230127s2019 ag ob 000 0 spa d
020 _z9789879066157
035 _a(OCoLC)1370946260
040 _aFINmELB
_bspa
_erda
_cFINmELB
050 1 4 _aBP595
_bL297 2019
080 _a273.1
082 0 4 _a299.935
_223
100 1 _aLanz, Rudolf,
_eautor.
245 1 0 _aAntroposofía :
_bnociones básicas /
_cRudolf Lanz.
264 1 _aBuenos Aires :
_bEditorial Antroposófica,
_c2019.
300 _a1 recurso en línea (139 páginas)
336 _atexto
_btxt
_2rdacontent/spa
337 _acomputadora
_bc
_2rdamedia/spa
338 _arecurso en línea
_bcr
_2rdacarrier/spa
504 _aContiene bibliografía.
588 _aDescripción basada en metadatos suministrados por el editor y otras fuentes.
590 _aRecurso electrónico. Santa Fe, Arg.: elibro, 2023. Disponible vía World Wide Web. El acceso puede estar limitado para las bibliotecas afiliadas a elibro.
650 0 _aAntroposofía.
655 4 _aLibros electrónicos.
797 2 _aelibro, Corp.
856 4 0 _uhttps://elibro.net/ereader/usam/201581
999 _c151523
_d151523